| Поле | Название | Значение |
| |
Тип записи |
a |
| |
Библиографический уровень |
m |
| 001 |
Контрольный номер |
RU\NLR\BIBL_A\010467393 |
| 005 |
Дата корректировки |
20201206204953.7 |
| 010 |
Индекс ISBN |
__ |
| a |
ISBN |
978-5-17083707-6 (АСТ) |
| 010 |
Индекс ISBN |
__ |
| a |
ISBN |
978-5-370-03437-4 (Омега-Л) |
| d |
Цена |
44-92 |
| 100 |
Данные общей обработки |
__ |
| a |
Данные общей обработки |
19150929d2014||||||| 0rusy0189 ca |
| 101 |
Язык документа |
0_ |
| a |
Язык текста |
rus |
| 102 |
Страна публикации |
__ |
| a |
Страна публикации |
RU| |
| 105 |
Кодированные данные (монография) |
__ |
| a |
Кодированные данные (монография) |
#|||||||001zy |
| 200 |
Заглавие и сведения об ответственности |
1_ |
| a |
Заглавие |
Куда и как правильно писать жалобу |
| f |
Первые сведения об ответственности |
[составитель А. Саркелов] |
| b |
Общее обозначение материала |
Текст |
| 210 |
Выходные данные |
__ |
| a |
Место издания |
Москва |
| c |
Издательство |
АСТ |
| c |
Издательство |
Омега-Л |
| d |
Дата издания |
2014 |
| 215 |
Физическое описание |
__ |
| a |
Объем |
95, [1] с. |
| d |
Формат |
20 см |
| 225 |
Серия |
__ |
| a |
Серия |
Справочник для населения |
| 300 |
Общие примечания |
__ |
| a |
Общие примечания |
3000 экз. |
| 320 |
Библиография |
__ |
| a |
Библиография |
Библиогр. в конце кн. (11 назв.) |
| 330 |
Аннотация |
__ |
| a |
Аннотация |
Прекрасное справочное пособие по порядку обращения в государственные органы и неправительственные организации в связи с защитой прав и свобод граждан. Подробно рассказано, как писать заявления так, чтобы они были результативны. Для всех граждан, самостоятельно пытающихся защитить свои права. |
| 606 |
Тематические рубрики |
__ |
| a |
Основная рубрика |
Право |
| y |
Географическая подрубрика |
Российская Федерация |
| y |
Географическая подрубрика |
Россия |
| y |
Географическая подрубрика |
РФ |
| 606 |
Тематические рубрики |
__ |
| a |
Основная рубрика |
Гражданское процессуальное право |
| 610 |
Ключевые слова |
__ |
| a |
Ключевые слова |
гражданские иски |
| a |
Ключевые слова |
гражданские права |
| a |
Ключевые слова |
жалобы |
| a |
Ключевые слова |
защита прав |
| a |
Ключевые слова |
защита свобод |
| a |
Ключевые слова |
иски |
| a |
Ключевые слова |
исковые заявления |
| 686 |
Индексы других классификаций |
__ |
| 2 |
Код системы |
rubbks |
| a |
Классификационный индекс |
67.410.103(2Рос) |
| 702 |
Вторичная интеллектуальная ответственность |
_1 |
| a |
Фамилия |
Саркелов |
| b |
Имя |
А. |
| 4 |
Код отношения |
Составитель |
| 4 |
Код отношения |
220 |
| 801 |
Источник записи |
_0 |
| a |
Страна |
RU |
| b |
Организация |
Муниципальное бюджетное учреждение культуры "Централизованная библиотечная система" г. Сургут (Центральная городская библиотека им. А. С. Пушкина) |
| c |
Дата составления |
20150929 |
| g |
Правила каталогизации |
КиК/Котельникова |
| 801 |
Источник записи |
_1 |
| a |
Страна |
RU |
| b |
Организация |
Муниципальное бюджетное учреждение культуры "Централизованная библиотечная система" г. Сургут (Центральная городская библиотека им. А. С. Пушкина) |
| c |
Дата составления |
20150929 |
| g |
Правила каталогизации |
КиК/Котельникова |
| 852 |
Данные о местонахождении |
__ |
| j |
Шифр хранения |
67.410.103(2Рос) |
| i |
Авторский знак |
К 88 |
| 901 |
Тип документа |
__ |
| t |
Тип документа |
m |
| 903 |
Характеристики (МАРС) |
__ |
| a |
Дата передачи |
20150929 |
| 990 |
Данные о заказе (DOS) |
__ |
| j |
Количество экземпляров (DOS) |
2 |
| t |
N записи в КСУ для И/У (DOS) |
201510 |